| Tag |
First Indicator |
Second Indicator |
Subfields |
| LEADER |
00000cam a2200000 a 4500 |
| 001 |
in00000913045 |
| 005 |
20150924164034.0 |
| 008 |
890605s1990 maua b 00110 eng |
| 010 |
|
|
|a 89015017
|
| 020 |
|
|
|a 0126951756 (alk. paper)
|
| 035 |
|
|
|a (OCoLC)19921641
|
| 035 |
|
|
|9 AEP7410AM
|
| 040 |
|
|
|a DLC
|c DLC
|d TXA
|d UtOrBLW
|
| 041 |
1 |
|
|a eng
|h dan
|
| 049 |
|
|
|a TXAM
|c [A13103563]
|
| 050 |
0 |
0 |
|a QC20
|b .T6613 1990
|
| 082 |
0 |
0 |
|a 530.1/5
|2 20
|
| 100 |
1 |
|
|a Topsøe, Flemming.
|
| 240 |
1 |
0 |
|a Spontane fænomener.
|l English
|
| 245 |
1 |
0 |
|a Spontaneous phenomena :
|b a mathematical analysis /
|c Flemming Topsøe ; translated by John Stillwell.
|
| 264 |
|
1 |
|a Boston :
|b Academic Press,
|c [1990]
|
| 264 |
|
4 |
|c ©1990
|
| 300 |
|
|
|a xi, 182 pages :
|b illustrations ;
|c 24 cm.
|
| 336 |
|
|
|a text
|b txt
|2 rdacontent
|
| 337 |
|
|
|a unmediated
|b n
|2 rdamedia
|
| 338 |
|
|
|a volume
|b nc
|2 rdacarrier
|
| 500 |
|
|
|a Translation of: Spontane fænomener.
|
| 504 |
|
|
|a Bibliography: page 177.
|
| 500 |
|
|
|a Includes index.
|
| 650 |
|
0 |
|a Mathematical physics.
|
| 650 |
|
0 |
|a Mathematical analysis.
|
| 999 |
|
|
|a MARS
|
| 999 |
f |
f |
|s ac5ae436-35f8-354f-af6c-9ef9fee72ecc
|i e083c137-cd83-3059-8038-d2c86ad1099f
|t 0
|
| 952 |
f |
f |
|p ric
|a Texas A&M University
|b Rellis Campus
|c Joint Library Facility
|d Remote Storage
|t 0
|e QC20 .T6613 1990
|h Library of Congress classification
|i unmediated -- volume
|m A14813103563
|
| 998 |
f |
f |
|a QC20 .T6613 1990
|t 0
|l Remote Storage
|